000 01059nam a22002537a 4500
003 BD-DhJNU
005 20260505061103.0
008 260505b |||||||| |||| 00| 0 eng d
020 _a9789840416295
040 _aBD-DhJNU
_bENG
_cBD-DhJNU
_dBD-DhJNU
082 _223
_a891.44109 AZS
100 _aআজাদ, হুমায়ুন
242 _aShamsur Rahman / the lonely Sherpa /
_cHumayun Azad
245 _aশামসুর রাহমান / নিঃসঙ্গ শেরপা /
_cহুমায়ুন আজাদ
246 _aShamsur Rahman / nissongo Sherpa/
250 _a2nd ed.
260 _aঢাকা :
_bআগামী প্রকাশনী,
_c2014.
300 _a২৮০ পৃ. :
_bচিত্র ;
_c২২ সেমি.।
650 _aবাংলা সাহিত্য
_vকবিতা
650 _aBengali Literature
_vPoetry
650 _aবাংলা কবিতা
_vসাহিত্য সমালোচনা
650 _aBengali Poetry -- Literary Criticism
942 _2ddc
_cBK
_n0
999 _c2770
_d2770